000 00518nam a2200181Ia 4500
999 _c6917
_d6917
003 OSt
005 20210121101438.0
008 190216s9999||||xx |||||||||||||| ||und||
020 _a9788176297004
040 _coclc
082 _a658.4013
_bARY/Q
100 _aArya, P P
_94041
245 0 _aQuality Of Management Education /
_cP P Arya
260 _bDeep & Deep Publications,
_aNew delhi:
_c2005.
300 _a462p
650 _aCommerce
942 _cBK
_2ddc
_h658.4013
_iARY/Q
_k658.4013
_mARY/Q